Normal view
MARC view
Entry Topical Term
001 - CONTROL NUMBER
- control field: 3530
003 - CONTROL NUMBER IDENTIFIER
- control field: OSt
005 - DATE AND TIME OF LATEST TRANSACTION
- control field: 20180530075829.0
008 - FIXED-LENGTH DATA ELEMENTS
- fixed length control field: 180530|| aca||aabn | a|a d
040 ## - CATALOGING SOURCE
- Original cataloging agency: OSt
- Transcribing agency: OSt
150 ## - HEADING--TOPICAL TERM
- Topical term or geographic name entry element: Madagascar (motion picture).
670 ## - SOURCE DATA FOUND
- Source citation: Work cat.: (OSt): Frolick, Billy. 3529, Madagascar /, 2017.